[Event "Montreal CC-ch"]
[Site "Montreal CAN"]
[Date "2012.06.17"]
[Round "4"]
[White "Levkovsky, Alexandre"]
[Black "Gagnon, Serge"]
[Result "1-0"]
[WhiteElo "2262"]
[BlackElo "2019"]
[PlyCount "143"]
[GameId "2160767909509141"]
[EventDate "2012.06.15"]
[EventType "swiss"]
[EventRounds "5"]
[EventCountry "CAN"]
[SourceTitle "EXT 2022"]
[Source "ChessBase"]
[SourceDate "2021.10.06"]
[SourceVersion "1"]
[SourceVersionDate "2021.10.06"]
[SourceQuality "1"]

1. e4 d6 2. d4 Nf6 3. Nc3 g6 4. Bg5 Bg7 5. e5 Nfd7 6. f4 f6 7. exf6 exf6 8. Bh4 Nb6 9. Qd2 Qe7+ 10. Qe2 Nc6 11. d5 Bg4 12. Qxe7+ Nxe7 13. h3 Bd7 14. O-O-O a6 15. Nf3 Kf7 16. Bf2 Rhe8 17. g4 h5 18. Rg1 Rad8 19. Bxb6 cxb6 20. Nd4 hxg4 21. hxg4 Rh8 22. Ne4 Nc8 23. Bc4 b5 24. Bb3 Rh4 25. Ne6 Rdh8 26. Rd3 Rh1 27. Rdg3 Rxg1+ 28. Rxg1 Rh4 29. Kd2 Bh6 30. g5 fxg5 31. fxg5 Rxe4 32. gxh6 Rh4 33. Ng5+ Kg8 34. h7+ Kg7 35. Rf1 Bf5 36. Re1 Kf6 37. Re8 Kg7 38. Rg8+ Kf6 39. h8=Q+ Rxh8 40. Rxh8 Kxg5 41. Rh7 b6 42. Ke3 Kf6 43. c4 b4 44. Rb7 Ke5 45. Ba4 g5 46. Bd7 Bxd7 47. Rxd7 b5 48. cxb5 axb5 49. Rb7 Kxd5 50. Rxb5+ Kc4 51. Rxg5 Nb6 52. Rg4+ Kc5 53. Kd3 d5 54. Rg8 Nc4 55. Rc8+ Kb5 56. b3 Ne5+ 57. Ke3 Nc6 58. Rc7 Kb6 59. Rh7 Kc5 60. Rh1 Kd6 61. Kf4 Nd4 62. Rh8 Ne2+ 63. Ke3 Nc3 64. Ra8 Kc6 65. a4 bxa3 66. Rxa3 Kc5 67. Kd3 Nb5 68. Ra4 Kb6 69. Rh4 Nd6 70. Rh6 Kc5 71. b4+ Kc6 72. Kd4 1-0

[Event "Montreal CC-ch"]
[Site "Montreal CAN"]
[Date "2012.06.17"]
[Round "4"]
[White "Lopez Linares, Lizandro"]
[Black "Morin, Louis"]
[Result "1-0"]
[WhiteElo "2080"]
[BlackElo "1820"]
[PlyCount "125"]
[GameId "2160767909509142"]
[EventDate "2012.06.15"]
[EventType "swiss"]
[EventRounds "5"]
[EventCountry "CAN"]
[SourceTitle "EXT 2022"]
[Source "ChessBase"]
[SourceDate "2021.10.06"]
[SourceVersion "1"]
[SourceVersionDate "2021.10.06"]
[SourceQuality "1"]

1. Nf3 Nf6 2. d4 d5 3. c4 e6 4. Nc3 Be7 5. Bg5 Nbd7 6. e3 O-O 7. Rc1 a6 8. c5 c6 9. Bd3 b6 10. cxb6 Qxb6 11. Qe2 c5 12. O-O cxd4 13. exd4 Bb7 14. Ne5 Bd6 15. Rfd1 Kh8 16. Bb1 Bxe5 17. dxe5 Ng8 18. Rd3 Nxe5 19. Qxe5 f6 20. Rh3 Qxf2+ 21. Kxf2 fxe5+ 22. Ke2 h6 23. Na4 d4 24. g3 Bf3+ 25. Ke1 Bg2 26. Rh4 Rf1+ 27. Ke2 Rxc1 28. Bxc1 Nf6 29. Nc5 Rc8 30. b4 a5 31. a3 axb4 32. axb4 Bd5 33. Bd2 Kg8 34. Bg6 Kf8 35. g4 Ke7 36. g5 hxg5 37. Bxg5 Kd6 38. Kd3 Rb8 39. Bd2 Ra8 40. Bc1 Rb8 41. Bd2 Ra8 42. Ne4+ Nxe4 43. Bxe4 Ra3+ 44. Ke2 Bxe4 45. Rxe4 Kd5 46. Rg4 Ra7 47. h4 e4 48. Rg5+ e5 49. Bf4 Re7 50. h5 Kd6 51. Rg6+ Re6 52. Rxe6+ Kxe6 53. Bg5 Kf5 54. b5 Kxg5 55. b6 Kxh5 56. b7 Kg5 57. b8=Q Kf6 58. Qf8+ Ke6 59. Qxg7 Kd6 60. Qf6+ Kd5 61. Qd8+ Ke6 62. Qb6+ Kd5 63. Qb7+ 1-0

[Event "Montreal CC-ch"]
[Site "Montreal CAN"]
[Date "2012.06.17"]
[Round "4"]
[White "Nardone, Raul"]
[Black "Ber, Alexandre"]
[Result "1-0"]
[WhiteElo "1864"]
[BlackElo "1693"]
[PlyCount "59"]
[GameId "2160767909509143"]
[EventDate "2012.06.15"]
[EventType "swiss"]
[EventRounds "5"]
[EventCountry "CAN"]
[SourceTitle "EXT 2022"]
[Source "ChessBase"]
[SourceDate "2021.10.06"]
[SourceVersion "1"]
[SourceVersionDate "2021.10.06"]
[SourceQuality "1"]

1. e4 e6 2. d3 d5 3. Nd2 dxe4 4. dxe4 Bd7 5. Ngf3 Bc6 6. Bc4 Nd7 7. Qe2 Ngf6 8. O-O Be7 9. a3 O-O 10. b4 b6 11. Bb2 Re8 12. Nd4 Bb7 13. Bb5 c5 14. Nc6 Bxc6 15. Bxc6 Rc8 16. b5 Qc7 17. Nc4 Red8 18. Rfd1 Ne8 19. e5 Nb8 20. Be4 Rxd1+ 21. Rxd1 Rd8 22. Bd3 Nd7 23. Rf1 Nf8 24. f4 f5 25. g4 g6 26. gxf5 exf5 27. Qg2 Ng7 28. Ne3 Qc8 29. Nd5 Qe6 30. Bc4 1-0

[Event "Montreal CC-ch"]
[Site "Montreal CAN"]
[Date "2012.06.17"]
[Round "4"]
[White "Perna-Fraser, David"]
[Black "Gauthier, Denis"]
[Result "0-1"]
[WhiteElo "1701"]
[BlackElo "1972"]
[PlyCount "116"]
[GameId "2160767909509144"]
[EventDate "2012.06.15"]
[EventType "swiss"]
[EventRounds "5"]
[EventCountry "CAN"]
[SourceTitle "EXT 2022"]
[Source "ChessBase"]
[SourceDate "2021.10.06"]
[SourceVersion "1"]
[SourceVersionDate "2021.10.06"]
[SourceQuality "1"]

1. e4 c5 2. Nf3 Nc6 3. d4 cxd4 4. Nxd4 e6 5. Nc3 Qc7 6. Be3 Nf6 7. Be2 a6 8. O-O Bb4 9. f3 O-O 10. a3 Be7 11. Qd2 d6 12. Nxc6 bxc6 13. Rfd1 Bb7 14. b4 Rad8 15. Na4 Nd7 16. c4 c5 17. Nb2 Ne5 18. Qe1 Bf6 19. Rab1 Rfe8 20. bxc5 dxc5 21. Qf2 Rxd1+ 22. Nxd1 Nd7 23. Rb3 Rd8 24. Nb2 Bd4 25. Nd3 e5 26. Bxd4 cxd4 27. Nb4 Nc5 28. Rb1 Qa5 29. Nd3 Nxd3 30. Bxd3 Bc6 31. Qb2 Rf8 32. Qb4 Qd8 33. Qb6 Qg5 34. Bf1 Qe3+ 35. Kh1 Ba4 36. Qxa6 Bc2 37. Ra1 d3 38. Bxd3 Bxd3 39. Qd6 Qd4 40. Qxd4 exd4 41. Rc1 Rb8 42. h4 Rb1 43. Rxb1 Bxb1 44. Kg1 Kf8 45. Kf2 Bd3 46. c5 Ke7 47. e5 Kd7 48. f4 Kc6 49. g4 Kxc5 50. Kf3 Kd5 51. a4 Ba6 52. h5 h6 53. a5 Bb5 54. Kg3 Ke4 55. g5 d3 56. g6 fxg6 57. e6 d2 58. e7 d1=Q 0-1

[Event "Montreal CC-ch"]
[Site "Montreal CAN"]
[Date "2012.06.17"]
[Round "4"]
[White "Tremblay, Alain"]
[Black "Chiku-Ratte, Olivier-Kenta"]
[Result "0-1"]
[WhiteElo "2096"]
[BlackElo "2184"]
[PlyCount "60"]
[GameId "2160767909509145"]
[EventDate "2012.06.15"]
[EventType "swiss"]
[EventRounds "5"]
[EventCountry "CAN"]
[SourceTitle "EXT 2022"]
[Source "ChessBase"]
[SourceDate "2021.10.06"]
[SourceVersion "1"]
[SourceVersionDate "2021.10.06"]
[SourceQuality "1"]

1. d4 Nf6 2. c4 c5 3. d5 e6 4. Nc3 exd5 5. cxd5 d6 6. e4 g6 7. Bd3 Bg7 8. h3 a6 9. Nf3 b5 10. O-O O-O 11. a3 Re8 12. Re1 Ra7 13. Bf4 Rae7 14. Qd2 Bb7 15. b4 c4 16. Bc2 Nxe4 17. Nxe4 Rxe4 18. Rxe4 Rxe4 19. Rd1 c3 20. Qc1 Re8 21. a4 bxa4 22. Qa3 Re2 23. Bd3 Rb2 24. Bc1 c2 25. Rd2 Rb1 26. Rxc2 Rb3 27. Qxa4 Rxd3 28. Re2 Nd7 29. b5 Nc5 30. Qa5 Qxa5 0-1

[Event "Montreal CC-ch"]
[Site "Montreal CAN"]
[Date "2012.06.15"]
[Round "5"]
[White "Ber, Alexandre"]
[Black "Caceres Cortes, Julio"]
[Result "1-0"]
[WhiteElo "1693"]
[BlackElo "2018"]
[PlyCount "101"]
[GameId "2160767909509146"]
[EventDate "2012.06.15"]
[EventType "swiss"]
[EventRounds "5"]
[EventCountry "CAN"]
[SourceTitle "EXT 2022"]
[Source "ChessBase"]
[SourceDate "2021.10.06"]
[SourceVersion "1"]
[SourceVersionDate "2021.10.06"]
[SourceQuality "1"]

1. d4 Nf6 2. c4 e6 3. Nf3 b6 4. g3 Ba6 5. Qc2 Bb7 6. Bg2 Bb4+ 7. Bd2 Be7 8. Nc3 O-O 9. O-O c5 10. e4 cxd4 11. Nxd4 Nc6 12. Nxc6 Bxc6 13. e5 Ne8 14. Rad1 Qc7 15. Rfe1 Bxg2 16. Kxg2 Qxc4 17. Bc1 f5 18. Qe2 Qc6+ 19. Qf3 Rd8 20. h4 Nc7 21. Bg5 Bxg5 22. hxg5 Qxf3+ 23. Kxf3 Kf7 24. Rd4 Kg6 25. Red1 Rf7 26. Rc4 Na6 27. b4 Kxg5 28. Rd6 h5 29. Nb5 Rdf8 30. Rdd4 Nb8 31. Nd6 Re7 32. b5 a6 33. a4 axb5 34. axb5 g6 35. Rc7 Kh6 36. Rdc4 Rg7 37. Rc8 Rgg8 38. R8c7 g5 39. Rb7 h4 40. gxh4 g4+ 41. Kg3 Kh5 42. Rf4 Nc6 43. bxc6 dxc6 44. Re7 Ra8 45. Rxe6 Ra3+ 46. Kg2 Kxh4 47. Nf7 Rh8 48. Nxh8 Kg5 49. Rd4 f4 50. Nf7+ Kf5 51. Rf6# 1-0

[Event "Montreal CC-ch"]
[Site "Montreal CAN"]
[Date "2012.06.17"]
[Round "5"]
[White "Chiku-Ratte, Olivier-Kenta"]
[Black "Levkovsky, Alexandre"]
[Result "0-1"]
[WhiteElo "2184"]
[BlackElo "2262"]
[PlyCount "134"]
[GameId "2160767909509147"]
[EventDate "2012.06.15"]
[EventType "swiss"]
[EventRounds "5"]
[EventCountry "CAN"]
[SourceTitle "EXT 2022"]
[Source "ChessBase"]
[SourceDate "2021.10.06"]
[SourceVersion "1"]
[SourceVersionDate "2021.10.06"]
[SourceQuality "1"]

1. d4 Nf6 2. c4 e6 3. Nc3 Bb4 4. e3 d5 5. Nf3 O-O 6. Bd3 c5 7. O-O dxc4 8. Bxc4 Nc6 9. a3 Ba5 10. Qe2 cxd4 11. Rd1 e5 12. b4 Bb6 13. b5 Qc7 14. Na4 Na5 15. Nxb6 axb6 16. Ba2 Bg4 17. h3 Bh5 18. g4 Nxg4 19. hxg4 Bxg4 20. exd4 Qc3 21. Be3 e4 22. Qd2 Qxd2 23. Nxd2 Bxd1 24. Rxd1 Rfc8 25. d5 Rc2 26. Bb1 Rb2 27. a4 f5 28. Bxb6 Rxd2 29. Rxd2 Nc4 30. a5 Nxd2 31. Ba2 Kf8 32. d6 e3 33. fxe3 Ne4 34. Bc7 Nf6 35. a6 bxa6 36. b6 Re8 37. b7 Nd7 38. Bd5 Nb8 39. d7 Nxd7 40. Bc6 Ke7 41. Bxd7 Kxd7 42. b8=Q Rxb8 43. Bxb8 Ke6 44. Kf2 a5 45. Ba7 a4 46. Bc5 g5 47. Kf3 h5 48. Bf8 Ke5 49. Bg7+ Kd5 50. Bf6 a3 51. Bg7 a2 52. Bf6 h4 53. Bb2 h3 54. Kg3 Ke4 55. Kxh3 Kxe3 56. Kg2 Kd3 57. Bf6 Kc2 58. Kf3 Kb1 59. Ke2 a1=Q 60. Bxa1 Kxa1 61. Kf3 f4 62. Ke4 Kb2 63. Kf3 Kc2 64. Kg4 Kd2 65. Kf3 Kd3 66. Kf2 Ke4 67. Kg2 g4 0-1

[Event "Montreal CC-ch"]
[Site "Montreal CAN"]
[Date "2012.06.17"]
[Round "5"]
[White "Gauthier, Denis"]
[Black "Lacroix, Serge"]
[Result "1-0"]
[WhiteElo "1972"]
[BlackElo "1830"]
[PlyCount "73"]
[GameId "2160767909509148"]
[EventDate "2012.06.15"]
[EventType "swiss"]
[EventRounds "5"]
[EventCountry "CAN"]
[SourceTitle "EXT 2022"]
[Source "ChessBase"]
[SourceDate "2021.10.06"]
[SourceVersion "1"]
[SourceVersionDate "2021.10.06"]
[SourceQuality "1"]

1. d4 Nf6 2. c4 g6 3. Nc3 d5 4. Bf4 Bg7 5. Nf3 O-O 6. e3 Bg4 7. h3 Bxf3 8. Qxf3 c6 9. Bd3 dxc4 10. Bxc4 Nbd7 11. O-O Re8 12. Rfd1 Qc8 13. Bb3 e5 14. dxe5 Nxe5 15. Qe2 b5 16. Rac1 Qb7 17. a3 a5 18. Nb1 a4 19. Ba2 Nh5 20. Bh2 Rad8 21. Nc3 Rxd1+ 22. Rxd1 Nf6 23. Qd2 Bf8 24. Bf4 Kg7 25. Bg5 h6 26. Bf4 g5 27. Bg3 Qc8 28. f4 gxf4 29. exf4 Ng6 30. Bb1 Bc5+ 31. Kh1 Re3 32. Bh2 Nh4 33. Re1 Rxe1+ 34. Qxe1 Nf5 35. Qe5 Bd4 36. Qxf5 Bxc3 37. Qxc8 1-0

[Event "Montreal CC-ch"]
[Site "Montreal CAN"]
[Date "2012.06.17"]
[Round "5"]
[White "Leung, Chin"]
[Black "Giroux, Robert"]
[Result "1-0"]
[WhiteElo "1712"]
[BlackElo "1891"]
[PlyCount "151"]
[GameId "2160767909509149"]
[EventDate "2012.06.15"]
[EventType "swiss"]
[EventRounds "5"]
[EventCountry "CAN"]
[SourceTitle "EXT 2022"]
[Source "ChessBase"]
[SourceDate "2021.10.06"]
[SourceVersion "1"]
[SourceVersionDate "2021.10.06"]
[SourceQuality "1"]

1. e4 c5 2. Nf3 g6 3. Nc3 Bg7 4. d4 cxd4 5. Nxd4 Nc6 6. Nxc6 bxc6 7. Bc4 d6 8. Be3 Nf6 9. e5 Ng4 10. e6 f5 11. Bd4 Nf6 12. Qf3 d5 13. O-O-O Bxe6 14. Rhe1 Bf7 15. Bc5 Ne4 16. Nxe4 fxe4 17. Rxe4 O-O 18. Rxe7 Qa5 19. b4 Qa4 20. Bb3 Qa3+ 21. Kd2 Bh6+ 22. Ke1 Qa6 23. Qd3 Qxd3 24. cxd3 Rfe8 25. Kf1 Rxe7 26. Bxe7 a5 27. bxa5 Rxa5 28. d4 Ra8 29. g3 Be6 30. f4 Bh3+ 31. Kf2 Re8 32. Bd6 Bg4 33. Rd2 Bg7 34. Be5 Bf8 35. Rc2 Bd7 36. h3 Bb4 37. g4 Rc8 38. a4 Be6 39. Ra2 c5 40. dxc5 Bxc5+ 41. Ke2 Bb4 42. a5 Ra8 43. a6 Kf8 44. Bd4 Bd7 45. a7 Bb5+ 46. Kf3 Bc4 47. Bxc4 dxc4 48. Rb2 Bd6 49. Rc2 Ke7 50. Rxc4 Kd7 51. f5 gxf5 52. gxf5 h5 53. f6 Ke6 54. Ke4 Rg8 55. Ra4 Ra8 56. Ra6 Kd7 57. Kf5 h4 58. Be5 Bxe5 59. Kxe5 Ke8 60. Kf5 Kf7 61. Kg5 Rg8+ 62. Kxh4 Ra8 63. Kg5 Rg8+ 64. Kf5 Ra8 65. h4 Kf8 66. Kg6 Kg8 67. h5 Kh8 68. Kf7 Kh7 69. Ke7 Kg8 70. f7+ Kg7 71. h6+ Kh7 72. f8=Q Re8+ 73. Kd7 Rd8+ 74. Ke6 Rxf8 75. a8=Q Rf5 76. Qe4 1-0

[Event "Montreal CC-ch"]
[Site "Montreal CAN"]
[Date "2012.06.17"]
[Round "5"]
[White "Morin, Louis"]
[Black "He, Shao Hang"]
[Result "1-0"]
[WhiteElo "1820"]
[BlackElo "1620"]
[PlyCount "73"]
[GameId "2160767909509150"]
[EventDate "2012.06.15"]
[EventType "swiss"]
[EventRounds "5"]
[EventCountry "CAN"]
[SourceTitle "EXT 2022"]
[Source "ChessBase"]
[SourceDate "2021.10.06"]
[SourceVersion "1"]
[SourceVersionDate "2021.10.06"]
[SourceQuality "1"]

1. e4 c5 2. d4 cxd4 3. c3 dxc3 4. Nxc3 Nc6 5. Nf3 d6 6. Bc4 e6 7. O-O Nf6 8. Qe2 Be7 9. Rd1 e5 10. h3 O-O 11. Be3 a6 12. Rac1 b5 13. Bd5 Nxd5 14. Nxd5 Bb7 15. Bb6 Qd7 16. Nxe5 Nxe5 17. Rc7 Bxd5 18. Rxd7 Nxd7 19. exd5 Rfe8 20. Be3 Bf6 21. Qd2 Rac8 22. Bd4 Bxd4 23. Qxd4 Re2 24. Rd2 Rc1+ 25. Kh2 Ree1 26. Qa7 Nf6 27. Qa8+ Re8 28. Qxa6 h5 29. Qxb5 Ree1 30. Re2 Rh1+ 31. Kg3 g5 32. Qb8+ Kg7 33. Qxd6 Rcd1 34. Re5 Rd3+ 35. f3 Kg6 36. a4 Rd2 37. Rxg5+ 1-0

[Event "Montreal CC-ch"]
[Site "Montreal CAN"]
[Date "2012.06.17"]
[Round "5"]
[White "Nardone, Raul"]
[Black "Lopez Linares, Lizandro"]
[Result "0-1"]
[WhiteElo "1864"]
[BlackElo "2080"]
[PlyCount "72"]
[GameId "2160767909509151"]
[EventDate "2012.06.15"]
[EventType "swiss"]
[EventRounds "5"]
[EventCountry "CAN"]
[SourceTitle "EXT 2022"]
[Source "ChessBase"]
[SourceDate "2021.10.06"]
[SourceVersion "1"]
[SourceVersionDate "2021.10.06"]
[SourceQuality "1"]

1. d4 Nf6 2. c4 c5 3. d5 b5 4. cxb5 a6 5. b6 Qxb6 6. Nc3 d6 7. Nf3 g6 8. h3 Bg7 9. e4 O-O 10. Be2 a5 11. O-O Ba6 12. e5 dxe5 13. Nxe5 Bxe2 14. Qxe2 Rd8 15. Rd1 a4 16. Nxf7 Kxf7 17. Qf3 Nbd7 18. g4 Kg8 19. Re1 Rf8 20. Re6 Qb4 21. Qe2 a3 22. Rxe7 Nb6 23. Qe6+ Kh8 24. Rb1 Nc4 25. b3 Qxc3 26. bxc4 Rab8 27. Rxb8 Qxc1+ 28. Kg2 Rxb8 29. Rxg7 Kxg7 30. Qe7+ Kh6 31. Qxf6 Qg5 32. Qd6 Rd8 33. Qc7 Rf8 34. Qxc5 Qf4 35. Qe3 Qxe3 36. fxe3 Rc8 0-1

[Event "Montreal Mercredi 01"]
[Site "Montreal CAN"]
[Date "2012.01.11"]
[Round "1"]
[White "Baran, Marius"]
[Black "Gauthier, Luc"]
[Result "1-0"]
[WhiteElo "1718"]
[BlackElo "1708"]
[PlyCount "75"]
[GameId "2160767909572799"]
[EventDate "2012.01.11"]
[EventType "swiss"]
[EventRounds "5"]
[EventCountry "CAN"]
[SourceTitle "EXT 2022"]
[Source "ChessBase"]
[SourceDate "2021.10.06"]
[SourceVersion "1"]
[SourceVersionDate "2021.10.06"]
[SourceQuality "1"]

1. d4 d5 2. Nf3 Nc6 3. Bf4 Bg4 4. e3 e6 5. h3 Bh5 6. c4 Bb4+ 7. Nc3 Nf6 8. Qb3 Ne4 9. Bd3 Bxf3 10. gxf3 dxc4 11. Bxc4 Nd6 12. Bd3 a5 13. Ke2 Qf6 14. h4 Nxd4+ 15. exd4 Qxf4 16. a3 Bxc3 17. bxc3 O-O 18. Rag1 e5 19. Rg4 Qf6 20. d5 Kh8 21. Rhg1 Rg8 22. Qc2 g6 23. Qd2 Nf5 24. Rh1 Rad8 25. h5 Rxd5 26. Qa2 Rgd8 27. Be4 Rd2+ 28. Qxd2 Rxd2+ 29. Kxd2 Nd6 30. Ke2 g5 31. h6 Nxe4 32. fxe4 Qe7 33. Rd1 f6 34. Rg3 Qe8 35. Rgd3 Qb5 36. Ke1 Kg8 37. Rd7 Qc6 38. Rg7+ 1-0

[Event "Montreal Mercredi 01"]
[Site "Montreal CAN"]
[Date "2012.01.11"]
[Round "1"]
[White "Boudreau, Daniel"]
[Black "Cardin, Guillaume"]
[Result "0-1"]
[WhiteElo "1929"]
[BlackElo "1917"]
[PlyCount "104"]
[GameId "2160767909572800"]
[EventDate "2012.01.11"]
[EventType "swiss"]
[EventRounds "5"]
[EventCountry "CAN"]
[SourceTitle "EXT 2022"]
[Source "ChessBase"]
[SourceDate "2021.10.06"]
[SourceVersion "1"]
[SourceVersionDate "2021.10.06"]
[SourceQuality "1"]

1. e4 c5 2. Nf3 g6 3. c3 Bg7 4. d4 cxd4 5. cxd4 d5 6. Bb5+ Bd7 7. Bxd7+ Qxd7 8. exd5 Nf6 9. Ne5 Qxd5 10. O-O Nc6 11. Nf3 O-O 12. Nc3 Qf5 13. Qb3 Na5 14. Qb4 e6 15. Re1 b6 16. Qa4 Rfc8 17. Nb5 Qc2 18. b3 Bf8 19. Ne5 a6 20. Na3 Qc3 21. Bg5 b5 22. Nxb5 axb5 23. Qxb5 Ne8 24. Rac1 Qb4 25. Qe2 Qxd4 26. Rcd1 Qa7 27. Qf3 Rc7 28. Ng4 Qb7 29. Qh3 h5 30. Ne5 Bg7 31. Bf4 Bxe5 32. Bxe5 Rd7 33. Qe3 Kh7 34. Ba1 Nc6 35. Qc3 e5 36. Rc1 Rd6 37. f4 Qb6+ 38. Kh1 f6 39. Qc4 Kg7 40. fxe5 Nxe5 41. Bxe5 fxe5 42. Rxe5 Qd4 43. Qe2 Qd2 44. Re7+ Kh6 45. Qf1 Rf6 46. Qg1 Rd8 47. h4 Rf4 48. g3 Rf2 49. Rc5 Qxa2 50. Qc1+ Qd2 51. Rxh5+ gxh5 52. Re6+ Nf6 0-1

[Event "Montreal Mercredi 01"]
[Site "Montreal CAN"]
[Date "2012.01.11"]
[Round "1"]
[White "Chenard, Yanick"]
[Black "Bergeron, Jean-Guy"]
[Result "1-0"]
[WhiteElo "1561"]
[BlackElo "1530"]
[PlyCount "73"]
[GameId "2160767909572801"]
[EventDate "2012.01.11"]
[EventType "swiss"]
[EventRounds "5"]
[EventCountry "CAN"]
[SourceTitle "EXT 2022"]
[Source "ChessBase"]
[SourceDate "2021.10.06"]
[SourceVersion "1"]
[SourceVersionDate "2021.10.06"]
[SourceQuality "1"]

1. e4 Nc6 2. Nf3 d5 3. exd5 Qxd5 4. Nc3 Qh5 5. Ne4 Bg4 6. Be2 O-O-O 7. h3 Bxf3 8. Bxf3 Qd5 9. O-O Nd4 10. d3 f5 11. Nc3 Nf6 12. Re1 Qa5 13. Bf4 e6 14. Re5 Qb4 15. Rb1 Bd6 16. a3 Nxf3+ 17. Qxf3 Qd4 18. Nb5 Qa4 19. Nxd6+ Rxd6 20. Rc5 Rc6 21. Rxc6 bxc6 22. Rc1 Nd5 23. Be5 Rg8 24. c4 Ne7 25. Qg3 Qa5 26. Bc3 Qb6 27. Re1 c5 28. Qe5 Kd7 29. d4 Ng6 30. Qe3 f4 31. Qd3 Qd6 32. Qe4 Re8 33. dxc5 Qxc5 34. Rd1+ Ke7 35. Bb4 Qxb4 36. axb4 Rb8 37. c5 1-0

[Event "Montreal Mercredi 01"]
[Site "Montreal CAN"]
[Date "2012.01.11"]
[Round "1"]
[White "Chiku-Ratte, Olivier-Kenta"]
[Black "Valle-Romo, Ricardo"]
[Result "0-1"]
[WhiteElo "2145"]
[BlackElo "2021"]
[PlyCount "76"]
[GameId "2160767909572802"]
[EventDate "2012.01.11"]
[EventType "swiss"]
[EventRounds "5"]
[EventCountry "CAN"]

1. d4 b5 2. Nf3 Bb7 3. Bf4 e6 4. e3 a6 5. Nbd2 Nf6 6. h3 Be7 7. Bd3 c5 8. c3 Nc6 9. O-O cxd4 10. cxd4 Rc8 11. e4 Na5 12. Qe2 Qb6 13. Rfc1 O-O 14. g4 Rxc1+ 15. Rxc1 Rc8 16. Rxc8+ Bxc8 17. g5 Ne8 18. Be3 Qc7 19. Kg2 Bb7 20. Nh2 f5 21. gxf6 Nxf6 22. f4 Nc4 23. Nhf3 Nxb2 24. Bb1 Na4 25. e5 Nd5 26. Bd3 Nac3 27. Qe1 Nd1 28. Bg1 Nxf4+ 29. Kg3 Nxd3 30. Qxd1 Nb4 31. a3 Nd5 32. Ne4 Nc3 33. Nxc3 Qxc3 34. a4 bxa4 35. Qe2 Bd5 36. Be3 a3 37. Qxa6 Qxe3 38. Qc8+ Bf8 0-1

[Event "Montreal Mercredi 01"]
[Site "Montreal CAN"]
[Date "2012.01.11"]
[Round "1"]
[White "Dominique, Vladimir"]
[Black "Cote, Philippe"]
[Result "0-1"]
[WhiteElo "1732"]
[BlackElo "1687"]
[PlyCount "54"]
[GameId "2160767909572803"]
[EventDate "2012.01.11"]
[EventType "swiss"]
[EventRounds "5"]
[EventCountry "CAN"]
[SourceTitle "EXT 2022"]
[Source "ChessBase"]
[SourceDate "2021.10.06"]
[SourceVersion "1"]
[SourceVersionDate "2021.10.06"]
[SourceQuality "1"]

1. e4 d6 2. d4 Nf6 3. Nc3 g6 4. Bc4 Bg7 5. f3 Nc6 6. Be3 e5 7. d5 Ne7 8. Qd2 h5 9. O-O-O a6 10. Bb3 b5 11. Nge2 Bd7 12. Kb1 a5 13. a4 Qb8 14. Nc1 O-O 15. Bh6 Rd8 16. Bxg7 Kxg7 17. h4 c5 18. dxc6 Bxc6 19. Qg5 bxa4 20. Bxa4 Bxa4 21. Nxa4 Qb4 22. Nc3 Rab8 23. Nb3 a4 24. Nd5 Nexd5 25. exd5 axb3 26. cxb3 Qxb3 27. Rd2 Nxd5 0-1

[Event "Montreal Mercredi 01"]
[Site "Montreal CAN"]
[Date "2012.01.11"]
[Round "1"]
[White "Falardeau, Bruno"]
[Black "Marchand, Jacques"]
[Result "1-0"]
[WhiteElo "1984"]
[BlackElo "2075"]
[PlyCount "93"]
[GameId "2160767909572804"]
[EventDate "2012.01.11"]
[EventType "swiss"]
[EventRounds "5"]
[EventCountry "CAN"]
[SourceTitle "EXT 2022"]
[Source "ChessBase"]
[SourceDate "2021.10.06"]
[SourceVersion "1"]
[SourceVersionDate "2021.10.06"]
[SourceQuality "1"]

1. e4 e6 2. d4 d5 3. exd5 exd5 4. Bd3 Nf6 5. Bg5 Be7 6. Ne2 O-O 7. f3 h6 8. Be3 Re8 9. Qd2 Nbd7 10. Nbc3 c5 11. Bb5 Qc7 12. dxc5 Bxc5 13. Bxc5 Qxc5 14. O-O-O a6 15. Ba4 b5 16. Bb3 Nb6 17. Nf4 Bb7 18. Qd4 Qxd4 19. Rxd4 Rad8 20. Rhd1 Re5 21. g4 g5 22. Nd3 Re3 23. Nc5 Ba8 24. Nxa6 Rxf3 25. Nxb5 Rf4 26. h3 Rxd4 27. Rxd4 Ne4 28. Rd3 Kg7 29. Nac7 Bc6 30. Nd4 Bd7 31. Nxd5 Nc5 32. Nxb6 Nxd3+ 33. cxd3 Bxg4 34. hxg4 Rxd4 35. a4 Rb4 36. Bc4 Rxb6 37. a5 Rb4 38. b3 Rb8 39. a6 Ra8 40. b4 f5 41. gxf5 g4 42. Kd2 Re8 43. Bd5 h5 44. a7 h4 45. a8=Q Rxa8 46. Bxa8 h3 47. Ke2 1-0

[Event "Montreal Mercredi 01"]
[Site "Montreal CAN"]
[Date "2012.01.11"]
[Round "1"]
[White "Gauthier, Denis"]
[Black "Morin, Louis"]
[Result "1/2-1/2"]
[WhiteElo "1962"]
[BlackElo "1841"]
[PlyCount "129"]
[GameId "2160767909572805"]
[EventDate "2012.01.11"]
[EventType "swiss"]
[EventRounds "5"]
[EventCountry "CAN"]
[SourceTitle "EXT 2022"]
[Source "ChessBase"]
[SourceDate "2021.10.06"]
[SourceVersion "1"]
[SourceVersionDate "2021.10.06"]
[SourceQuality "1"]

1. d4 d5 2. c4 e6 3. Nc3 Nf6 4. cxd5 exd5 5. Bg5 Be7 6. e3 O-O 7. Bd3 Nbd7 8. Nge2 Re8 9. O-O Nf8 10. b4 Be6 11. a3 Qd7 12. Qc2 Ne4 13. Bxe7 Nxc3 14. Bh4 Nxe2+ 15. Bxe2 Bf5 16. Qc3 Re6 17. b5 c6 18. a4 Rh6 19. Bg3 Rc8 20. Rfc1 cxb5 21. Qxc8 Qxc8 22. Rxc8 Bxc8 23. axb5 a6 24. bxa6 bxa6 25. Bf3 Bb7 26. Rb1 Bc6 27. Rb6 a5 28. Bf4 Rg6 29. h4 Nd7 30. Ra6 a4 31. Bd1 h6 32. Bxa4 Bxa4 33. Rxa4 Nb6 34. Ra7 Rc6 35. h5 Kf8 36. g4 Ke8 37. Kg2 Nc8 38. Ra5 Ne7 39. Kf3 Kd7 40. Bg3 Ke6 41. Bh4 g5 42. Bg3 Nc8 43. Be5 f6 44. Bg3 Ne7 45. Ra8 Rc8 46. Ra7 Rc3 47. Ke2 Rc6 48. Kd3 Rc8 49. f3 Rc6 50. Ra8 Rc8 51. Ra7 Rc1 52. Ra8 Rc8 53. Ra1 Rc6 54. e4 Rb6 55. Ra3 Rc6 56. Ra5 Rb6 57. Ra8 Rb3+ 58. Ke2 dxe4 59. Ra6+ Kf7 60. Ra7 exf3+ 61. Kf2 Ke6 62. Ra6+ Kf7 63. Ra7 Ke6 64. Ra6+ Kf7 65. Ra7 1/2-1/2

[Event "Montreal Mercredi 01"]
[Site "Montreal CAN"]
[Date "2012.01.11"]
[Round "1"]
[White "Le Bas, Nicolas"]
[Black "Munshi, Shawkat"]
[Result "0-1"]
[WhiteElo "1596"]
[BlackElo "1521"]
[PlyCount "79"]
[GameId "2160767909572806"]
[EventDate "2012.01.11"]
[EventType "swiss"]
[EventRounds "5"]
[EventCountry "CAN"]
[SourceTitle "EXT 2022"]
[Source "ChessBase"]
[SourceDate "2021.10.06"]
[SourceVersion "1"]
[SourceVersionDate "2021.10.06"]
[SourceQuality "1"]

1. e4 c5 2. Nf3 d6 3. d4 cxd4 4. Nxd4 Nf6 5. Nc3 a6 6. Bg5 e5 7. Nb3 Be6 8. Qd2 Be7 9. O-O-O Nbd7 10. f3 b5 11. Be3 O-O 12. g4 b4 13. Nd5 Bxd5 14. exd5 a5 15. Kb1 Nb6 16. Bxb6 Qxb6 17. h4 Rfc8 18. h5 a4 19. Nc1 a3 20. b3 Rc3 21. g5 Nd7 22. Bd3 Rac8 23. g6 h6 24. gxf7+ Kxf7 25. f4 Bf6 26. Bf5 R8c7 27. Rde1 exf4 28. Bg6+ Kg8 29. Re8+ Nf8 30. Bf5 Kf7 31. Rhe1 Re3 32. R8xe3 fxe3 33. Rxe3 Bg5 34. Bg6+ Kg8 35. Bh7+ Kxh7 36. Qd3+ Kg8 37. Rf3 Bxc1 38. Kxc1 Qg1+ 39. Kd2 Qg2+ 40. Qe2 0-1